000 01097 a2200217 4500
001 29285
005 20260407155602.0
008 260407a1986 arg spa d
003 AR-UNSa-BCEJYS
040 _aAR-UNSa-BCEJYS
_bspa
_cAR-UNSa-BCEJYS
080 _a657.41
_xContabilidad Financiera
245 1 0 _aInterés del capital propio
020 _a950-9109-32-0
264 1 _aBuenos Aires :
_bTesis
_c1986
300 _a50 p.
_c23 cm.
505 _a1. Parte I: 1. La identificación de los costos financieros totales – 2. El tiempo como factor esencial en la medición de los efectos de la financiación en los inventarios – 3. El cálculo del resultado por exposición a la inflación – 4. Esquema de apropiación del costo financiero – Parte II: 1. Productos en condiciones de ser vendidos – 2. Las nuevas metas de la expresión contable – 3. Propuesta de la valuación de activos físicos – Parte III: 1. Conclusión – 2. Recomendaciones.
942 _cBK
590 _aniveau_biblio:m niveau_hierar:0
100 1 _aViegas, Juan Carlos
700 1 _aArreghini, Hugo Ricardo
999 _c1835
_d1835